MARC

LEADER 00000nam0a2200000 4500
001 318867
005 20231102003124.0
035 |a (RuTPU)RU\TPU\book\344369 
090 |a 318867 
100 |a 20160510d1963 m y0rusy50 ca 
101 0 |a rus 
102 |a RU 
105 |a a z 000zy 
200 1 |a Рассказы об электричестве  |f Б. П. Рябикин 
205 |a 2-е изд., перераб. и доп. 
210 |a Москва  |a Ленинград  |c Госэнергоиздат  |d 1963 
215 |a 160 с.  |c ил. 
606 1 |a Электричество  |2 stltpush  |3 (RuTPU)RU\TPU\subj\27825  |9 51518 
610 1 |a электрическое поле 
610 1 |a сила тока 
610 1 |a электрический ток 
610 1 |a электрические станции 
610 1 |a электрические измерения 
610 1 |a применение 
675 |a 537.3  |v 4 
700 1 |a Рябикин  |b Б. П.  |g Борис Павлович 
801 1 |a RU  |b 63413507  |c 20160510 
801 2 |a RU  |b 63413507  |c 20200619  |g RCR 
942 |c BK